000 00340nam a22001217a 4500
008 160712b xxu||||| |||| 00| 0 eng d
020 _a031239974X
050 _aPE1413
_b.K459 2003
100 _aKirszner,Laurie G.
245 _aWriting First
_bPractice in context
250 _aSecond Edition
260 _aNew York
_bBedford/St.Martins
_c2003
999 _c254750
_d254749